000
00399nam a22001697a 4500
003
MPLRDC
005
20220104142529.0
008
210129b ||||| |||| 00| 0 eng d
082
_a
868.71 MS-9
100
_a
孟沙
245
_a
愚人
_c
260
_a
_b
人和文化出版社
_c
1975
300
_b
平
490
_a
人和文艺丛书. 2
650
_a
马华文学
942
_c
BK
_o
868.71 MS-9
999
_c
31625
_d
31615